000 00445nam a2200145 4500
001 120740
003 ES-MaACL
007 t|
008 070214s1958 sp r ||||1| spa d
100 1 _aPrados Arrarte, Jesús.
_993635
245 1 3 _aLa economía española en los próximos veinte años /
_cJesús Prados Arrarte.
260 _aMadrid :
_bSopec,
_c1958.
300 _a268 p. ;
_c27 cm +
_e5 gráf. pleg.
852 _aES-MaACL
_jC-8889
_bR.43667
999 _c120740
_d120740